000 01516cam a22003614a 4500
001 12957262
005 20260428142816.0
008 021003s2005 maua b 001 0 eng
010 _a 2002192215
020 _a9780674017610
040 _aDLC
_cDLC
_dDLC
041 _aeng
043 _an-us---
050 0 0 _aJK330
_b.F43 2005.
100 1 _aFeaver, Peter D.
245 1 0 _aArmed servants :
_bagency, oversight, and civil-military relations /
_cPeter D. Feaver.
264 _aCambridge, Mass. :
_bHarvard University Press,
_c2005.
300 _axi, 381 pages :
_billustrations ;
_c24 cm.
336 _atext
_btxt
_2rdacontent
337 _aunmediated
_bn
_2rdamedia
338 _avolume
_bnc
_2rdacarrier
504 _aIncludes bibliographical references (pages. 337-369) and index.
505 _aPreface -- 1. Introduction -- 2. Huntington's Cold War puzzle -- 3. The informal agency theory -- 4. A formal agency model of civil-military relations -- 5. An agency theory solution to the Cold War puzzle -- 6. Explaining the post-Cold War "crisis," 1990-2000 -- 7. Using agency theory to explore the use of force in the post-Cold War era -- 8. Conclusion -- Notes -- References -- Index.
650 0 _aPolitics.
650 0 _aMilitary
650 0 _aCivil-military relations
_zUnited States.
650 0 _aCivil supremacy over the military
_zUnited States.
650 0 _aCold War (1990-2000).
650 0 _aCold War
651 0 _2United States of America.
942 _2lcc
_cBK
_n0
999 _c30515
_d30515